| 000 | 02653cam a2200385 i 4500 | ||
|---|---|---|---|
| 003 | SA-RiAUC | ||
| 005 | 20250322134527.0 | ||
| 008 | 250320s2011____le k g b 000 0cara c | ||
| 020 | _a9789953533643 | ||
| 024 | 0 | _a00000000513892 | |
| 040 |
_aKAPL _bara _cSA-RiAUC _dAE-DuMBRL _erda |
||
| 041 | 1 |
_aara _hfre |
|
| 043 | _aa-su--- | ||
| 050 | 4 | _b.M6812 2011 | |
| 082 | 0 | 4 |
_a922.1 _qSA-RiAUC |
| 090 |
_a922.1 _b م ل ي |
||
| 100 | 1 |
_aملين، محمد نبيل _eمؤلف. |
|
| 240 | 1 | 4 |
_aLes clercs de l'islam : autorité religieuse et pouvoir politique en Arabie Saoudite, XVIIIe-XXIe siècles. _lArabic |
| 245 | 1 | 0 |
_aعلماء الإسلام : _bتاريخ وبنية المؤسسة الدينية في السعودية بين القرنين الثامن عشر والحادي والعشرين / _cد. محمد نبيل ملين ؛ ترجمة د. محمد الحاج سالم، عادل بن عبد الله. |
| 250 | _aالطبعة الأولى. | ||
| 264 | 1 |
_aبيروت : _bالشبكة العربية للأبحاث والنشر، _c2011. |
|
| 300 |
_a432 صفحة : _bأشكال ؛ _c24 × 17 سم |
||
| 336 |
_aنص _btxt _2rdacontent _3كتاب |
||
| 337 |
_aبدون وسيط _bn _2rdamedia |
||
| 338 |
_aمجلد _bnc _2rdacarrier |
||
| 504 | _aببليوجرافية : صفحة 399-432. | ||
| 520 | _aيتحدث الكتاب بشكل رصدي عن تاريخ وأفكار دعوة الشيخ محمد بن عبد الوهاب ممهدا بالحديث عن تاريخ تشكل المذهب الحنبلي وأبرز رموزه مرورا بابن تيمية ثم درس تاريخ نشأة الحنبلية في نجد قبل الدعوة الوهابية بقرنين ثم استعرض بشكل دقيق بدايات الدعوة النجدية وطبيعة الفروقات والصراع بين الحنبلية التقليدية والحنبلية الوهابية ويستمر الرصد والاستعراض وتحليل الأفكار على امتداد تاريخ أئمة الدعوة النجدية في الدولة السعودية الأولى والثانية والثالثة. | ||
| 650 | 7 |
_aالعلماء المسلمون _zالسعودية _vتراجم _2aucsh |
|
| 650 | 7 |
_aالإسلام _zالسعودية _xتاريخ _2aucsh |
|
| 700 | 1 |
_aسالم، محمد الحاج، _d1959- _eمترجم. |
|
| 700 | 1 |
_aعبد الله، عادل _eمترجم. |
|
| 700 | 1 | 2 |
_iترجمة لـ : _aملين، محمد نبيل. _tLes clercs de l'islam : autorité religieuse et pouvoir politique en Arabie Saoudite, XVIIIe-XXIe siècles. |
| 942 |
_2ddc _cBOOK _n0 |
||
| 949 |
_aSA-JeALM _d250320 _umohamedma123 _n1 |
||
| 999 |
_c6571 _d6571 |
||